¿Son compatibles modernidad y modernización?: el desafío de la democracia latinoamericana

Una característica de América Latina en el horizonte del año 2000 radica en la tensión irreducible entre modernización y modernidad. Nuestros países han de asumir los “imperativos” de una modernización que exige la integración trasnacional y, simultáneamente, produce una creciente segmentación socia...

Full description

Bibliographic Details
Main Author: Lechner, Norbert 1939-2004
Format: Libro
Language:Spanish
Published: Santiago, Chile: FLACSO, 1990.
Series:Documento de trabajo (FLACSO-Santiago de Chile. Programa) Serie estudios sociales
Subjects:

MARC

LEADER 00000cam a2200000 a 4500
001 033665
003 UAHC_CL
005 20220124181025.0
008 010822s1990 cl 000 1 spa
040 |a UAHC_CL  |c UAHC_CL  |d UAHC_CL 
082 0 4 |a FLACSO 0-660 
100 |a Lechner, Norbert  |9 4815  |d 1939-2004 
245 1 1 |a ¿Son compatibles modernidad y modernización?:  |b el desafío de la democracia latinoamericana  |c Norbert Lechner. 
260 |a Santiago, Chile:  |b FLACSO,  |c 1990. 
300 |a 22 páginas. 
490 0 |a Documento de trabajo (FLACSO-Santiago de Chile. Programa) Serie estudios sociales 
520 |a Una característica de América Latina en el horizonte del año 2000 radica en la tensión irreducible entre modernización y modernidad. Nuestros países han de asumir los “imperativos” de una modernización que exige la integración trasnacional y, simultáneamente, produce una creciente segmentación social ¿Cómo consolidar una democracia en este marco?. El artículo resume las reflexiones que el autor presentó en los seminarios organizados por la Fundación Pablo Iglesias, Almagro, junio de 1989, por ANPOCS, Brasil, octubre de 1989 y la Comisión Presidencial para la República del Estado, Caracas, noviembre de 1989. 
650 0 |a Modernización  |9 1489  |z América latina 
900 |a FLACSO 0-664 
942 |c BK 
952 |0 0  |1 0  |4 0  |6 FLACSO_0666  |7 0  |8 COMP  |9 94923  |a BC  |b BC  |c General  |d 2022-01-24  |o FLACSO 0-666  |p 1443609  |r 2022-01-24 00:00:00  |t c.1  |w 2022-01-24  |y BK 
999 |c 59101  |d 59101